Countries of Asia With the Letter T - Statistics

General Stats
  • This quiz has been taken 68 times
  • The average score is 16 of 18
Answer Stats
Countries % Correct
Tajikistan
95%
Turkey
95%
Turkmenistan
95%
Taiwan
93%
Thailand
93%
Afghanistan
90%
Bhutan
90%
Kyrgyzstan
90%
Pakistan
90%
Uzbekistan
90%
Vietnam
90%
Kazakhstan
85%
United ArabEmirates
85%
Qatar
84%
North Korea
82%
South Korea
82%
East Timor
79%
Kuwait
77%
No matching quizzes found
Score Distribution
Percent of People with Each Score
Percentile by Number Answered
Your Score History
You have not taken this quiz